| 000 | 00574nam a22002177a 4500 | ||
|---|---|---|---|
| 003 | AMla | ||
| 005 | 20140310183114.0 | ||
| 008 | 130412t xxu||||| |||| 00| 0 eng d | ||
| 020 | _a9712324788 | ||
| 050 |
_aLB 2369 _b.Ar666 1998 |
||
| 082 |
_aFIL 808.02 .Ar666 1998 _b.Ar666 1998 |
||
| 245 |
_aWriting a thesis proposal _cArboleda, Cora R. |
||
| 250 | _a1st ed. | ||
| 260 |
_aManila _bRex Book Store _cc1998 |
||
| 300 |
_av, 114 p. _bill. _c25 cm. |
||
| 521 | _acollege students | ||
| 526 | _c1210L-1700L | ||
| 541 | _j1 | ||
| 562 | _e1 | ||
| 942 |
_2lcc _cBK _kFIL |
||
| 999 |
_c18870 _d18870 |
||